Society and the assessment of technology

Gardado en:
Detalles Bibliográficos
Autor Principal: Hetman, Francois
Formato: Libro
Idioma:Undetermined
Publicado: Paris OECD 1973
Những chủ đề:
Các nhãn: Engadir etiqueta
Sen Etiquetas, Sexa o primeiro en etiquetar este rexistro!
Thư viện lưu trữ: Trung tâm Học liệu Trường Đại học Cần Thơ
LEADER 00494nam a2200181Ia 4500
001 CTU_78093
008 210402s9999 xx 000 0 und d
082 |a 301.24 
082 |b H589 
100 |a Hetman, Francois 
245 0 |a Society and the assessment of technology 
245 0 |c Francois Hetman 
260 |a Paris 
260 |b OECD 
260 |c 1973 
650 |a Technology,Technology assessment 
650 |x Social aspects 
980 |a Trung tâm Học liệu Trường Đại học Cần Thơ